[Event "Bratto op-B 33rd"]
[Site "Bratto"]
[Date "2013.08.25"]
[Round "8"]
[White "Gemelli, Giovanni"]
[Black "Morandi, Daniele"]
[Result "1-0"]
[WhiteElo "1842"]
[BlackElo "1893"]
[PlyCount "59"]
[EventDate "2013.08.18"]
[EventType "swiss"]
[EventRounds "8"]
[EventCountry "ITA"]
[SourceTitle "EXT 2015"]
[Source "ChessBase"]
[SourceDate "2014.11.20"]
[SourceVersion "1"]
[SourceVersionDate "2014.11.20"]
[SourceQuality "1"]

1. e4 e5 2. Nf3 Nc6 3. d4 exd4 4. Nxd4 Nf6 5. Nxc6 bxc6 6. e5 Qe7 7. Qe2 Nd5 8. c4 Ba6 9. b3 g6 10. f4 Bg7 11. Qf2 Nb6 12. Be2 0-0 13. Ba3 d6 14. 0-0 c5 15. Bf3 Rac8 16. Nc3 f6 17. exd6 cxd6 18. Rae1 Qc7 19. Nd5 Nxd5 20. Bxd5+ Kh8 21. f5 Rce8 22. Rxe8 Rxe8 23. fxg6 f5 24. Qxf5 Rf8 25. Qxf8+ Bxf8 26. Rxf8+ Kg7 27. Rf7+ Qxf7 28. gxf7 Bc8 29. Bc1 Bd7 30. Bh6+ 1-0

[Event "Bratto op-B 33rd"]
[Site "Bratto"]
[Date "2013.08.21"]
[Round "7"]
[White "Dubois, Martine"]
[Black "Morandi, Daniele"]
[Result "1-0"]
[WhiteElo "1995"]
[BlackElo "1893"]
[PlyCount "59"]
[EventDate "2013.08.18"]
[EventType "swiss"]
[EventRounds "8"]
[EventCountry "ITA"]
[SourceTitle "EXT 2015"]
[Source "ChessBase"]
[SourceDate "2014.11.20"]
[SourceVersion "1"]
[SourceVersionDate "2014.11.20"]
[SourceQuality "1"]

1. e4 e5 2. Nc3 Nc6 3. g3 Bc5 4. Bg2 Nf6 5. Nge2 d6 6. Na4 Bb6 7. Nxb6 axb6 8. 0-0 Be6 9. f4 Bg4 10. h3 Bxe2 11. Qxe2 Qe7 12. c3 0-0-0 13. b4 h5 14. a4 h4 15. g4 exf4 16. d4 g5 17. a5 d5 18. e5 Ne4 19. Bxe4 dxe4 20. Qxe4 bxa5 21. b5 Na7 22. Rxa5 Kb8 23. Ba3 Qd7 24. Bc5 Nxb5 25. Rfa1 c6 26. c4 Nc7 27. Bd6 Qxd6 28. exd6 Rxd6 29. Rxg5 Ne6 30. Qe5 1-0

[Event "Bratto op-B 33rd"]
[Site "Bratto"]
[Date "2013.08.21"]
[Round "4"]
[White "Peron, Davide"]
[Black "Morandi, Daniele"]
[Result "1/2-1/2"]
[WhiteElo "1784"]
[BlackElo "1893"]
[PlyCount "120"]
[EventDate "2013.08.18"]
[EventType "swiss"]
[EventRounds "8"]
[EventCountry "ITA"]
[SourceTitle "EXT 2015"]
[Source "ChessBase"]
[SourceDate "2014.11.20"]
[SourceVersion "1"]
[SourceVersionDate "2014.11.20"]
[SourceQuality "1"]

1. e4 e5 2. Nf3 Nc6 3. Bb5 a6 4. Ba4 Nf6 5. 0-0 Be7 6. Re1 b5 7. Bb3 d6 8. h3 0-0 9. c3 Na5 10. Bc2 c5 11. d4 Qc7 12. Nbd2 Nc6 13. d5 Na5 14. b3 Bd7 15. Nf1 Rfb8 16. Ng3 c4 17. b4 Nb7 18. Be3 a5 19. a3 axb4 20. axb4 Nd8 21. Qb1 Qb7 22. Qb2 Rxa1 23. Rxa1 Ra8 24. Ra3 Ra6 25. Qa2 Bc8 26. Rxa6 Qxa6 27. Qxa6 Bxa6 28. Bb6 g6 29. Kf1 Nd7 30. Bc7 Nb7 31. Ke1 Bd8 32. Bxd8 Nxd8 33. Kd2 f6 34. Nh2 Nf7 35. Nhf1 Kg7 36. Ne3 Nh6 37. f3 Kf7 38. Ne2 Ng8 39. Nc1 Ne7 40. Bb1 Nb6 41. Nd1 f5 42. Ke3 f4+ 43. Kd2 g5 44. Ke2 Bc8 45. Bc2 h5 46. Kd2 Ng6 47. Ke2 Bd7 48. Kf2 Nh4 49. Ne2 Ng6 50. Nb2 Ke7 51. Bd1 Kf6 52. Nc1 g4 53. fxg4 hxg4 54. hxg4 Kg5 55. Bc2 Bxg4 56. Ne2 Bh5 57. Ng1 Nh4 58. Nh3+ Kf6 59. Ng1 Ng6 60. Nf3 Ne7 1/2-1/2

[Event "Robecchetto op 23rd"]
[Site "Robecchetto"]
[Date "2012.12.29"]
[Round "5"]
[White "Morandi, Daniele"]
[Black "Coppola, Federico"]
[Result "1/2-1/2"]
[WhiteElo "1929"]
[BlackElo "1940"]
[PlyCount "40"]
[EventDate "2012.12.27"]
[EventType "swiss"]
[EventRounds "6"]
[EventCountry "ITA"]
[SourceTitle "EXT 2014"]
[Source "ChessBase"]
[SourceDate "2013.11.20"]
[SourceVersion "1"]
[SourceVersionDate "2013.11.20"]
[SourceQuality "1"]

1. e4 c5 2. Nf3 d6 3. d4 cxd4 4. Nxd4 Nf6 5. Nc3 g6 6. Be2 Bg7 7. 0-0 0-0 8. Be3 Nc6 9. Qd2 Ng4 10. Bxg4 Bxg4 11. f4 Bd7 12. Rad1 Na5 13. b3 Rc8 14. f5 Nc6 15. Nd5 Nxd4 16. Bxd4 Bxd4+ 17. Qxd4 Bc6 18. c4 Bxd5 19. exd5 Qa5 20. a4 Qc5 1/2-1/2

[Event "Robecchetto op 23rd"]
[Site "Robecchetto"]
[Date "2012.12.29"]
[Round "4"]
[White "Temi, Walter"]
[Black "Morandi, Daniele"]
[Result "1-0"]
[WhiteElo "2105"]
[BlackElo "1929"]
[PlyCount "79"]
[EventDate "2012.12.27"]
[EventType "swiss"]
[EventRounds "6"]
[EventCountry "ITA"]
[SourceTitle "EXT 2014"]
[Source "ChessBase"]
[SourceDate "2013.11.20"]
[SourceVersion "1"]
[SourceVersionDate "2013.11.20"]
[SourceQuality "1"]

1. e4 e5 2. Nf3 Nc6 3. Nc3 Nf6 4. Bb5 Bc5 5. 0-0 0-0 6. d3 d6 7. Bxc6 bxc6 8. Ne2 Bg4 9. Ng3 Nh5 10. Nxh5 Bxh5 11. h3 f6 12. g4 Bf7 13. Qe2 d5 14. Be3 d4 15. Bc1 Qd7 16. Nh4 g6 17. Kh1 Be7 18. Nf3 Kg7 19. Rg1 h5 20. Nh2 g5 21. Bd2 Rh8 22. Kg2 Rh7 23. Nf1 Rah8 24. Ng3 hxg4 25. hxg4 Rh2+ 26. Kf3 R8h3 27. Rg2 Bh5 28. Rxh2 Bxg4+ 29. Kg2 Rxg3+ 30. Kxg3 Bxe2 31. f3 Bxf3 32. Kxf3 f5 33. Rah1 g4+ 34. Ke2 f4 35. Rh7+ Kg6 36. Bb4 g3 37. R1h6+ Kg5 38. Bxe7+ Qxe7 39. Rxe7 Kxh6 40. Kf3 1-0

[Event "Robecchetto op 22nd"]
[Site "Robecchetto"]
[Date "2011.12.29"]
[Round "5"]
[White "Morandi, Daniele"]
[Black "Razzano, Lorenzo"]
[Result "0-1"]
[WhiteElo "1939"]
[BlackElo "1964"]
[PlyCount "88"]
[EventDate "2011.12.27"]
[EventType "swiss"]
[EventRounds "6"]
[EventCountry "ITA"]
[SourceTitle "EXT 2014"]
[Source "ChessBase"]
[SourceDate "2013.11.20"]
[SourceVersion "1"]
[SourceVersionDate "2013.11.20"]
[SourceQuality "1"]

1. e4 g6 2. d4 Bg7 3. c4 c5 4. d5 d6 5. Nc3 e5 6. Be3 Ne7 7. Bd3 Na6 8. Qd2 0-0 9. f3 f5 10. Bh6 f4 11. Bxg7 Kxg7 12. g4 h6 13. h4 Nc7 14. 0-0-0 Bd7 15. h5 g5 16. Nge2 a6 17. Kb1 b5 18. Nc1 bxc4 19. Bxc4 Qb8 20. Bb3 Nb5 21. N1e2 Nc8 22. Ba4 Nb6 23. Bxb5 axb5 24. Rc1 b4 25. Nd1 Qa7 26. b3 Bb5 27. Rc2 Qa3 28. Nc1 Rf7 29. Qf2 Qa6 30. Nb2 Rfa7 31. Rh2 c4 32. Nxc4 Bxc4 33. bxc4 Nxc4 34. Ka1 Qb5 35. Nb3 Ne3 36. Rb2 Qc4 37. Qe2 Qc3 38. Kb1 Nc4 39. Rc2 Na3+ 40. Kc1 Nxc2 41. Qxc2 Rxa2 42. Qxc3 bxc3 43. Rxa2 Rxa2 44. Kd1 Rf2 0-1

[Event "Milan Crespi op-B 31th"]
[Site "Milan"]
[Date "2010.12.06"]
[Round "4"]
[White "Invernizzi, Ferruccio"]
[Black "Morandi, Daniele"]
[Result "0-1"]
[WhiteElo "1748"]
[BlackElo "1925"]
[PlyCount "110"]
[EventDate "2010.12.04"]
[EventType "swiss"]
[EventRounds "7"]
[EventCountry "ITA"]
[SourceTitle "EXT 2024"]
[Source "ChessBase"]
[SourceDate "2023.10.10"]
[SourceVersion "1"]
[SourceVersionDate "2023.10.10"]
[SourceQuality "1"]

1. e4 e5 2. Nf3 Nc6 3. d4 exd4 4. Nxd4 Nf6 5. Nxc6 bxc6 6. e5 Qe7 7. Qe2 Nd5 8. c4 Ba6 9. b3 g6 10. f4 Bg7 11. Qf2 Nb6 12. Be2 d6 13. Bb2 dxe5 14. c5 Bxe2 15. cxb6 Ba6 16. bxa7 0-0 17. Qe3 Rfe8 18. Kf2 exf4 19. Qxe7 Rxe7 20. Bxg7 Kxg7 21. Nc3 Rxa7 22. Rhe1 Re6 23. Re4 Rxe4 24. Nxe4 Bc8 25. Kf3 Be6 26. Nc5 g5 27. a4 h5 28. g3 Bd5+ 29. Kf2 fxg3+ 30. hxg3 Kf6 31. a5 h4 32. gxh4 gxh4 33. b4 Kg5 34. Rg1+ Kh5 35. Rg8 f5 36. Rh8+ Kg4 37. Nd3 Kg5 38. Rf8 Kg4 39. Ne5+ Kf4 40. Nd3+ Kg5 41. Rh8 Rb7 42. Rh7 Bc4 43. Ne5 Rxb4 44. Nxc6 Rb2+ 45. Ke3 Ra2 46. Rxc7 Bd5 47. a6 Rc2 48. a7 Rxc6 49. Rd7 Re6+ 50. Kd4 Be4 51. Rd8 Ra6 52. Rd7 h3 53. Kc5 h2 54. Kb5 Ra1 55. Rg7+ Kf6 0-1

[Event "Imperia op-A 52th"]
[Site "Imperia"]
[Date "2010.09.02"]
[Round "6"]
[White "Morandi, Daniele"]
[Black "Platino, Maurizio"]
[Result "1-0"]
[WhiteElo "1958"]
[BlackElo "1918"]
[PlyCount "69"]
[EventDate "2010.08.29"]
[EventType "swiss"]
[EventRounds "9"]
[EventCountry "ITA"]
[SourceTitle "EXT 2024"]
[Source "ChessBase"]
[SourceDate "2023.10.10"]
[SourceVersion "1"]
[SourceVersionDate "2023.10.10"]
[SourceQuality "1"]

1. e4 e6 2. d4 d5 3. Nd2 Nf6 4. e5 Nfd7 5. Bd3 c5 6. c3 Nc6 7. Ne2 cxd4 8. cxd4 Qb6 9. Nf3 f6 10. exf6 Nxf6 11. 0-0 Bd6 12. Nc3 a6 13. Na4 Qc7 14. Be3 b5 15. Nc3 Bd7 16. Rc1 Qb8 17. Re1 0-0 18. Bb1 Qe8 19. a3 Qh5 20. h3 Rac8 21. Ba2 Kh8 22. Ne2 Ne4 23. Bb1 Rxf3 24. gxf3 Qxf3 25. Nf4 Qxd1 26. Rexd1 Nf6 27. Nd3 Re8 28. Nc5 Bxc5 29. Rxc5 e5 30. dxe5 Nxe5 31. Kg2 Nc4 32. Bd4 Nh5 33. Rc7 Bc8 34. Re1 Rf8 35. Rce7 1-0

[Event "Ceriano Laghetto op"]
[Site "Ceriano Laghetto"]
[Date "2008.02.12"]
[Round "2"]
[White "Morandi, Daniele"]
[Black "Clerici, Samuele"]
[Result "1-0"]
[WhiteElo "1999"]
[BlackElo "1608"]
[PlyCount "45"]
[EventDate "2008.02.05"]
[EventType "swiss"]
[EventRounds "6"]
[EventCountry "ITA"]
[SourceTitle "EXT 2010"]
[Source "ChessBase"]
[SourceDate "2010.11.25"]
[SourceVersion "1"]
[SourceVersionDate "2010.11.25"]
[SourceQuality "1"]

1. e4 e5 2. Nf3 Nc6 3. Bc4 Bc5 4. c3 Nf6 5. d4 exd4 6. cxd4 Bb4+ 7. Nc3 Nxe4 8. 0-0 Bxc3 9. d5 Ne7 10. bxc3 0-0 11. Re1 Nf6 12. d6 Ng6 13. Bg5 cxd6 14. Nd2 h6 15. Bxf6 Qxf6 16. Ne4 Qe5 17. Nxd6 Qxc3 18. Re3 Qa5 19. Rb1 a6 20. Nxf7 Kh7 21. Qd6 Qf5 22. Bd3 Qxf7 23. Rf3 1-0

[Event "Ceriano Laghetto op"]
[Site "Ceriano Laghetto"]
[Date "2008.02.05"]
[Round "1"]
[White "Guglia, Giuseppe"]
[Black "Morandi, Daniele"]
[Result "0-1"]
[WhiteElo "1500"]
[BlackElo "1999"]
[PlyCount "74"]
[EventDate "2008.02.05"]
[EventType "swiss"]
[EventRounds "6"]
[EventCountry "ITA"]
[SourceTitle "EXT 2010"]
[Source "ChessBase"]
[SourceDate "2010.11.25"]
[SourceVersion "1"]
[SourceVersionDate "2010.11.25"]
[SourceQuality "1"]

1. e4 e5 2. Nf3 Nc6 3. Bc4 Bc5 4. c3 Nf6 5. b4 Bb6 6. d3 d6 7. 0-0 Bg4 8. Qb3 Bh5 9. Be3 0-0 10. Nbd2 Kh8 11. Bg5 h6 12. Bh4 Qe7 13. Bg3 Nh7 14. Nh4 g6 15. Kh1 f5 16. f4 exf4 17. Bxf4 Qxh4 18. Bxh6 Be2 19. Bxf8 Nf6 20. Nf3 Qf4 21. Qb2 Bxf1 22. Rxf1 Rxf8 23. g3 Qg4 24. Nh4 fxe4 25. Qc1 Kg7 26. Rf4 Qe2 27. Qf1 Qxf1+ 28. Rxf1 exd3 29. Bxd3 Ne5 30. Bc2 Nd5 31. Rxf8 Kxf8 32. Nxg6+ Nxg6 33. Bxg6 Nxc3 34. h4 Nxa2 35. b5 Nc3 36. g4 Nxb5 37. Be4 a5 0-1

[Event "Bratto op-B 27th"]
[Site "Bratto"]
[Date "2007.08.28"]
[Round "5"]
[White "Hunt, Daniel"]
[Black "Morandi, Daniele"]
[Result "1/2-1/2"]
[WhiteElo "1754"]
[BlackElo "1904"]
[PlyCount "157"]
[EventDate "2007.08.24"]
[EventType "swiss"]
[EventRounds "8"]
[EventCountry "ITA"]
[SourceTitle "CBM 120 Extra"]
[Source "ChessBase"]
[SourceDate "2007.11.01"]
[SourceVersion "1"]
[SourceVersionDate "2007.11.01"]
[SourceQuality "1"]

1. e4 e5 2. Nf3 Nc6 3. Bb5 a6 4. Ba4 Nf6 5. Qe2 b5 6. Bb3 Be7 7. 0-0 0-0 8. c3 d6 9. Rd1 Bg4 10. h3 Bh5 11. d3 Na5 12. Bc2 c5 13. Nbd2 Qc7 14. Nf1 c4 15. d4 Nc6 16. Ng3 Bg6 17. d5 Na5 18. Nh4 Nb7 19. Nhf5 Nc5 20. Be3 Rfe8 21. Qf3 a5 22. Nxe7+ Rxe7 23. Bg5 Ncd7 24. Nf5 Ree8 25. a4 b4 26. cxb4 axb4 27. b3 cxb3 28. Bxb3 Qc3 29. Nxd6 Reb8 30. Bxf6 Nxf6 31. Rac1 Qxf3 32. gxf3 Nh5 33. Nc4 f6 34. Rc2 Nf4 35. Kh2 Kf8 36. a5 Be8 37. d6 Bf7 38. d7 Bxc4 39. Bxc4 Ke7 40. a6 Ra7 41. Rcd2 Rd8 42. Rd6 Rc7 43. Bb5 Ne6 44. Rb6 Nd4 45. Ba4 Ra7 46. f4 Rda8 47. fxe5 fxe5 48. f4 Rxa6 49. Rxa6 Rxa6 50. fxe5 Rxa4 51. Rxd4 Ra8 52. Rxb4 Ke6 53. Kg3 Kxe5 54. Rc4 Rd8 55. Rc8 Rxd7 56. Re8+ Kf6 57. e5+ Kf7 58. Ra8 Ke6 59. Ra5 Kf5 60. Kh4 Rd3 61. e6+ Kxe6 62. Ra7 Rd7 63. Ra6+ Rd6 64. Ra7 Kf6 65. Ra4 g6 66. Ra5 Rd4+ 67. Kg3 g5 68. Ra6+ Kf5 69. Ra5+ Kg6 70. Ra6+ Kh5 71. Ra3 Rd6 72. Rb3 Kg6 73. h4 h6 74. hxg5 hxg5 75. Ra3 Rd1 76. Ra6+ Kh5 77. Ra3 Rg1+ 78. Kh3 Rb1 79. Kg3 1/2-1/2

[Event "Bratto op-B 27th"]
[Site "Bratto"]
[Date "2007.08.27"]
[Round "4"]
[White "Morandi, Daniele"]
[Black "Caputi, Giuliano"]
[Result "1-0"]
[WhiteElo "1904"]
[BlackElo "1975"]
[PlyCount "49"]
[EventDate "2007.08.24"]
[EventType "swiss"]
[EventRounds "8"]
[EventCountry "ITA"]
[SourceTitle "CBM 120 Extra"]
[Source "ChessBase"]
[SourceDate "2007.11.01"]
[SourceVersion "1"]
[SourceVersionDate "2007.11.01"]
[SourceQuality "1"]

1. e4 c5 2. Nf3 d6 3. d4 cxd4 4. Nxd4 Nf6 5. Nc3 e6 6. Be2 a6 7. 0-0 Be7 8. Be3 Qc7 9. f4 0-0 10. Qe1 Nbd7 11. Kh1 b5 12. a3 Bb7 13. Bf3 Nc5 14. e5 dxe5 15. fxe5 Qxe5 16. Bxb7 Nxb7 17. Nc6 Qc7 18. Nxe7+ Qxe7 19. Bg5 Qc5 20. Bxf6 gxf6 21. Ne4 Qxc2 22. Rc1 Qd3 23. Rc3 Qd4 24. Nxf6+ Kh8 25. Qb1 1-0

[Event "Bratto Gorgonzola op-B"]
[Site "Bratto"]
[Date "2006.08.26"]
[Round "7"]
[White "Morandi, Daniele"]
[Black "Cambieri, Mario"]
[Result "1-0"]
[WhiteElo "1895"]
[BlackElo "1814"]
[PlyCount "99"]
[EventDate "2006.08.20"]
[EventType "swiss"]
[EventRounds "8"]
[EventCountry "ITA"]
[SourceTitle "EXT 2008"]
[Source "ChessBase"]
[SourceDate "2007.11.25"]
[SourceVersion "1"]
[SourceVersionDate "2007.11.25"]
[SourceQuality "1"]

1. e4 c5 2. Nf3 d6 3. d4 cxd4 4. Nxd4 Nf6 5. Nc3 g6 6. Be2 Bg7 7. 0-0 Bd7 8. Be3 0-0 9. Qd2 Nc6 10. f4 a6 11. Rad1 Rc8 12. h3 b5 13. a3 Nxd4 14. Bxd4 Bc6 15. Bd3 Qc7 16. g4 Qb7 17. g5 Nd7 18. Bxg7 Kxg7 19. f5 f6 20. Qf4 Ne5 21. Rf2 a5 22. Qh4 fxg5 23. Qxg5 b4 24. axb4 axb4 25. Nd5 Bxd5 26. exd5 Rf6 27. fxg6 hxg6 28. Rdf1 Rcf8 29. Be4 Qa7 30. Qg3 Qd4 31. Bg2 Nf3+ 32. Kh1 Ne5 33. Rxf6 Rxf6 34. Rxf6 exf6 35. c3 bxc3 36. Qxc3 Qxc3 37. bxc3 Nc4 38. Kg1 Ne3 39. Bf3 g5 40. Kf2 Nc4 41. Be4 Kh6 42. Ke2 Ne5 43. Bf5 Kh5 44. Ke3 g4 45. hxg4+ Nxg4+ 46. Kf4 Ne5 47. Be4 Kh6 48. Kf5 Kg7 49. Ke6 Nf7 50. Ke7 1-0

[Event "Bratto Gorgonzola op-B"]
[Site "Bratto"]
[Date "2006.08.24"]
[Round "5"]
[White "Morandi, Daniele"]
[Black "Saracco, Marco"]
[Result "1/2-1/2"]
[WhiteElo "1895"]
[BlackElo "1780"]
[PlyCount "53"]
[EventDate "2006.08.20"]
[EventType "swiss"]
[EventRounds "8"]
[EventCountry "ITA"]
[SourceTitle "EXT 2008"]
[Source "ChessBase"]
[SourceDate "2007.11.25"]
[SourceVersion "1"]
[SourceVersionDate "2007.11.25"]
[SourceQuality "1"]

1. e4 c6 2. d4 d5 3. Nc3 dxe4 4. Nxe4 Bf5 5. Ng3 Bg6 6. Nf3 Nd7 7. h4 h6 8. h5 Bh7 9. Bd3 Bxd3 10. Qxd3 Qc7 11. Rh4 e6 12. Bf4 Bd6 13. Bxd6 Qxd6 14. Ne4 Qe7 15. 0-0-0 Ngf6 16. Qb3 0-0-0 17. a4 Nxe4 18. Rxe4 Nf6 19. Rh4 Rd5 20. g4 Rhd8 21. Re1 Qc7 22. Qe3 Ra5 23. b3 Nd5 24. Qd2 b5 25. axb5 cxb5 26. g5 Nc3 27. Qf4 1/2-1/2

[Event "Bratto Gorgonzola op-B"]
[Site "Bratto"]
[Date "2006.08.20"]
[Round "1"]
[White "Morandi, Daniele"]
[Black "Celli, Ugo"]
[Result "0-1"]
[WhiteElo "1895"]
[BlackElo "1733"]
[PlyCount "82"]
[EventDate "2006.08.20"]
[EventType "swiss"]
[EventRounds "8"]
[EventCountry "ITA"]
[SourceTitle "EXT 2008"]
[Source "ChessBase"]
[SourceDate "2007.11.25"]
[SourceVersion "1"]
[SourceVersionDate "2007.11.25"]
[SourceQuality "1"]

1. e4 d6 2. d4 e5 3. dxe5 dxe5 4. Qxd8+ Kxd8 5. Nf3 f6 6. Nc3 Be6 7. Be3 c6 8. 0-0-0+ Kc7 9. Nh4 Nd7 10. f4 Bd6 11. f5 Bf7 12. a4 a5 13. g4 g5 14. fxg6 hxg6 15. Nf3 Be6 16. g5 Bg4 17. Bg2 Bh3 18. Rhg1 f5 19. Bxh3 Rxh3 20. Rg3 Rh5 21. Rg2 Ne7 22. Rgd2 Nc8 23. exf5 gxf5 24. g6 Rh3 25. Ng5 Rxe3 26. g7 Nf6 27. h4 e4 28. h5 Rg3 29. Ne6+ Kd7 30. Nf8+ Ke7 31. Ng6+ Rxg6 32. hxg6 Bf4 33. Rh1 Nd6 34. Rh8 Rg8 35. Rxg8 Nxg8 36. Ne2 Bxd2+ 37. Kxd2 Kf6 38. Nf4 Kxg7 39. Ke3 Nc4+ 40. Kd4 Nxb2 41. Ke5 Ne7 0-1